Ч. 1 : Классификация. Номенклатура. Петрография; Магматические горные породы

Bibliografske podrobnosti
Parent link:Магматические горные породы: в 6 т./ Академия наук СССР (АН СССР), Институт геологии рудных месторождений, петрографии, минералогии и геохимии (ИГЕМ) ; под ред. О. А. Богатикова. Ч. 1 : Классификация. Номенклатура. Петрография.— , 1983
Drugi avtorji: Гоньшакова В. И. (редактор)
Jezik:ruščina
Izdano: 1983
Teme:
Format: MixedMaterials Knjiga
KOHA link:https://koha.lib.tpu.ru/cgi-bin/koha/opac-detail.pl?biblionumber=290440

MARC

LEADER 00000nam2a2200000 4500
001 290440
005 20231102000303.0
035 |a (RuTPU)RU\TPU\book\314990 
090 |a 290440 
100 |a 20150406d1983 k y0rusy5003 ca 
101 0 |a rus 
102 |a RU 
105 |a y z 000zy 
200 0 |a Ч. 1 : Классификация. Номенклатура. Петрография 
210 |d 1983 
215 |a 367 с. 
461 1 |0 (RuTPU)RU\TPU\book\206995  |t Магматические горные породы  |o в 6 т.  |f Академия наук СССР (АН СССР), Институт геологии рудных месторождений, петрографии, минералогии и геохимии (ИГЕМ) ; под ред. О. А. Богатикова  |v Ч. 1 : Классификация. Номенклатура. Петрография  |d 1983 
606 1 |a Горные породы, магматические  |x Петрография  |2 stltpush  |3 (RuTPU)RU\TPU\subj\66987  |9 82914 
610 1 |a классификация 
610 1 |a номенклатура 
610 1 |a систематика 
610 1 |a ультраосновные породы 
610 1 |a основные породы 
675 |a 552.3  |v 4 
702 1 |a Гоньшакова  |b В. И.  |4 340 
801 0 |a RU  |b RuMRKP  |c 19950704  |g psbo 
801 1 |a RU  |b 63413507  |c 20150406 
801 2 |a RU  |b 63413507  |c 20170712  |g RCR 
942 |c BK